Sur les chemins
<< Retourner aux résultats de la recherche
| Auteur principal : | Bruno Heitz |
|---|---|
| Titre : | Sur les chemins |
| Support : | Livres |
| Langue : | Francais |
| Publié : |
DL 2008 Gallimard Paris |
| Series : |
Le roman de Renart |
| Genre : |
Bande Dessinée (enfants) |
| Collection : |
Le roman de Renart |
| Sujets : | |
| Étiquettes : |
Pas de tags
|
| LEADER | 00981nam0a2200217 450 | ||
|---|---|---|---|
| 001 | 16868320 | ||
| 010 | |a 978-2-07-061675-6 |b rel. |d 13 | ||
| 100 | |a 20260526d2026 u u0frey01 ba | ||
| 101 | 0 | |a fre | |
| 102 | |a FR | ||
| 200 | 0 | |a Sur les chemins |f Bruno Heitz | |
| 207 | 1 | |a | |
| 210 | |a Paris |b 5 rue Sébastien Bottin. |c Gallimard |d DL 2008 | ||
| 215 | |a 1 vol. (45 p.) |c ill. en noir et en coul., couv. ill. en coul. |d 32 cm | ||
| 225 | 1 | |a Le roman de Renart |v 2 | |
| 330 | |a Bande dessinée inspirée du poème médiéval. Renart le goupil est menacé de pendaison. Pensant qu'il n'y a que le Pape pour le sauver, il part à Rome pour se repentir. Ce 2e volume met en scène trois rencontres : Tyber le chat, Pynçart le héron, et Brun l'ours. | ||
| 461 | 0 | |t Le roman de Renart |v 2 | |
| 700 | 0 | |a Heitz |b Bruno |f 1957-.... |4 70 | |
| 900 | |a Bande Dessinée (enfants) | ||
| 901 | |a Jeunesse | ||
| 995 | |a Médiathèque |c Médiathèque |f 089021866 |h 089021866 |k BD ROM 2 |o p |q j |r az |e Médiathèque | ||